Açoreana, Revista de Estudos Açoreanos | Boletim dab Sociedade de Estudos Açoreanos "Afonso Chaves" Ponta Delgada (Açores) (Record no. 32649)

000 -Cabeçalho do registo
Cabeçalho 01730nam 22001933 4500
001 - Identificador do registo
Campo de controlo 32649
100 ## - Dados gerais de processamento
Dados gerais de processamento 20260327d1995 u||y0pory50 ba
101 ## - Língua de publicação
Língua do texto, banda sonora, etc. Inglês
102 ## - Pais de publicação ou produção
País de publicação Portugal
200 ## - Titulo e menção de responsabilidade
Título próprio Açoreana, Revista de Estudos Açoreanos
Título próprio de outro autor A.M. de Frias Martins
Informação de outro título Boletim dab Sociedade de Estudos Açoreanos "Afonso Chaves" Ponta Delgada (Açores)
Outras menções de responsabilidade Departamento de Biologia da Universidade dos Açores
210 ## - Publicação, Distribuição, etc.
Lugar da edição, distribuição, etc. Portugal, Açores, São Miguel
Nome do editor, distribuidor, etc. Direção regional dos assuntos Culturais go governo Regional dos Açores e pelo Instituto Nacional de Investigação Científica (INIC)
Data da publicação, distribuição, etc. 1995
215 ## - Descrição física
Indicação específica da natureza do documento e extensão da espécie 316 p.
Outras indicações físicas il.
Dimensões 23 cm
327 ## - Nota de conteúdo
Texto da nota Proceedings of the second international worshop of malacology and marine biology
330 ## - Sumário ou Resumo
Texto da nota Foco Regional: O workshop, realizado em Angra do Heroísmo, Açores, Portugal, dedicou-se à investigação taxonómica, morfológica e ecológica das espécies marinhas locais.<br/>Incluiu estudos detalhados sobre a biologia e morfologia funcional de moluscos. Um estudo notável abordou o bivalve Trichomusculus semigranatus.<br/>Incluiu trabalhos sobre a anatomia e biologia da espécie de opistobrânquio Aplysiopsis formosa Pruvot-Fol, no contexto dos Açores.<br/>Os procedimentos contribuíram para a compilação e atualização de checklists de moluscos de águas rasas, incluindo poliplacóforos.<br/>Estes workshops internacionais nos Açores foram fundamentais para catalogar a biodiversidade da região e discutir processos de dispersão e colonização de espécies marinhas.
345 ## - Nota informativa sobre aquisição
Modalidades de aquisição Oferta
606 ## - Nome comum usado como assunto
Palavra de ordem Marine biology,
Subdivisão de assunto Malacology
-- Fauna/flora
Subdivisão geográfica Azores archipelago
Subdivisão cronológica 1991
700 ## - Nome de autor-pessoa física (responsabilidade principal)
Palavra de ordem Martins
Outra parte do nome não tomada para palavra de ordem A.M. de Frias
710 ## - Nome de colectividade-autor (responsabilidade principal)
Palavra de ordem Departamento de Biologia da Universidade dos Açores
Holdings
Situação do extravio Data de aquisição Número de registo Biblioteca de aquisição Biblioteca de empréstimo Cota Fim da data de empréstimo Permissão de empréstimo Tipo de documento Forma de aquisição
  2026-03-27 11634 Biblioteca de Algés Biblioteca de Algés 11634 2026-03-27 Emprestado Monografias Oferta

Powered by Koha